LEADER 01259nam 2200409 450 001 990001013010203316 011 $a1015-6283 035 $a0101301 035 $aUSA010101301 035 $a(ALEPH)000101301USA01 035 $a0101301 100 $a20020304d1997----km-y0itay0103----ba 101 $amul 102 $aBE 110 $aaia-------- 200 1 $aDe pecunia$e[revue quadrimestrielle multilingue du CEPIME] 207 $aAnno 1 (1989)-(1997) 210 $aBruxelles$cCEPIME$d1997 215 $av$d21 cm 300 $aTit. del verso del front. - Comincia nel 1989 e cessa nel 1997 326 $aQuadrimestrale 410 $12001 606 0 $aEuropa$xIntegrazione economica$xperiodici 606 0 $aEuropa$xPolitica economica$xPeriodici 676 $a337.1 712 02$aCentre Ecu et Prospective d'Integration 801 0$aIT$bsalbc$gISBD 912 $a990001013010203316 958 $aECO$bFONDO$cVolume 4., n.3 (décembre 1992)- volume 8., n.2-3 (décembre 1997) 959 $aSE 969 $aECO 979 $aPATTY$b90$c20020304$lUSA01$h1605 979 $aPATTY$b90$c20020318$lUSA01$h1731 979 $c20020403$lUSA01$h1742 979 $aPATRY$b90$c20040406$lUSA01$h1710 996 $aDe pecunia$9974224 997 $aUNISA LEADER 01028nam0-22002891i-450- 001 990006122260403321 005 19980601 035 $a000612226 035 $aFED01000612226 035 $a(Aleph)000612226FED01 035 $a000612226 100 $a19980601f????----km-y0itay50------ba 105 $a--------00-yy 200 1 $a<>pretesa necessita' del requisito dell'autonomia nella questione della sopprimibilita' o meno dei legati di culto$fGaspare Ambrosini. 210 $aMilano$cSoc. ed. Libraria$ds.d. 215 $a16 p.$d24 cm 463 $d$1200$a"Rivista di Diritto Pubblico. Fasc. Novembre-Dicembre, parte II, 1915" 676 $a322.1 700 1$aAmbrosini,$bGaspare$f<1886-1985>$03005 801 0$aIT$bUNINA$gRICA$2UNIMARC 901 $aBK 912 $a990006122260403321 952 $aBUSTA 12 (40) 6$b34587$fFGBC 959 $aFGBC 996 $aPretesa necessita' del requisito dell'autonomia nella questione della sopprimibilita' o meno dei legati di culto$9644206 997 $aUNINA DB $aGIU01 LEADER 00804nam0-22002771i-450- 001 990001667890403321 005 20050516100249.0 035 $a000166789 035 $aFED01000166789 035 $a(Aleph)000166789FED01 035 $a000166789 100 $a20030910d1883----km-y0itay50------ba 101 0 $aita 200 1 $a<>ambra primaticcia o sorgo zuccherino del Minnesota$fGiulio Monselise 210 $aMantova$cTip. Mondovi$d1883 215 $a257 p.$d25 cm 610 0 $aSorghum bicolor 676 $a633.62 700 1$aMonselise,$bGiulio$072037 801 0$aIT$bUNINA$gRICA$2UNIMARC 901 $aBK 912 $a990001667890403321 952 $a60 DONO IERNA 122$b35978$fFAGBC 959 $aFAGBC 996 $aAmbra primaticcia o sorgo zuccherino del Minnesota$9370348 997 $aUNINA